| 000 | 00423nam a22001337a 4500 | ||
|---|---|---|---|
| 999 |
_c4695 _d4695 |
||
| 008 | 200819b ||||| |||| 00| 0 eng d | ||
| 082 | 0 | 0 |
_a005.7565 _bT2356 |
| 100 |
_93740 _aTaxali, Ravi Kant |
||
| 245 | 1 | 0 |
_aDBase III plus: made simple with dbase iv and Fox Base / _cby Ravi Kant Taxali |
| 260 |
_aNew Delhi: _bTata-McGrawHill Publishing Company, _c1993. |
||
| 300 | _axvi, 470 p. | ||
| 650 | 0 | _adBASE III plus | |
| 942 | _cBK | ||